Holiday Quiz

Random Holiday or WWE Quiz

WWE Superstars in Ugly Christmas Sweaters Quiz Stats

 Plays Quiz not verified by Sporcle

Score 0/20 Timer 02:00
1 Play Today
% Correct
Kevin Owens
86.1%
Enzo Amore and Big Cass
84.2%
Brie Bella
83.7%
Roman Reigns
82.6%
Bayley
82.4%
The Club
81.4%
Xavier Woods
81.2%
Sasha Banks
80.9%
Dean Ambrose
80.4%
Sin Cara
80.4%
% Correct
Ryback
80.1%
Kofi Kingston
79.1%
Paige
78.8%
Alexa Bliss
78.7%
Naomi
76.6%
Emma
71.7%
Nikki Bella
69.6%
Charly Caruso
66.9%
Cameron
66.5%
Eden Stiles
63.8%

You're not logged in!

Compare scores with friends on all Sporcle quizzes.
OR
Log In

Show Comments

Extras

Top Quizzes Today


Score Distribution

Your Account Isn't Verified!

In order to create a playlist on Sporcle, you need to verify the email address you used during registration. Go to your Sporcle Settings to finish the process.

Report this User

Report this user for behavior that violates our Community Guidelines.

Details: